Fuerzas armadas y estado de excepción en América Latina

Furkejuvvon:
Bibliográfalaš dieđut
Váldodahkki: Carranza, Mario Esteban
Materiálatiipa: Texto
Almmustuhtton: México D.F: Siglo XXI
Fáddágilkorat: Lasit fáddágilkoriid
Eai fáddágilkorat, Lasit vuosttaš fáddágilkora!

MARC

LEADER 00000 a a2200000 04500
001 23875
003
040
020 |a 968-23-0108-4  
090 |a 164400  
100 |a Carranza, Mario Esteban  
245 |a Fuerzas armadas y estado de excepción en América Latina  
260 |a México D.F:   |b Siglo XXI  
300 |a 269 p   |b **no definido**  
999 |c 1555  |d 1555